Statistics for Highest paid NBA-Players 2014/2015

Click here to take the quiz!

General Stats

  • This quiz has been taken 1,681 times
  • The average score is 7 of 15

Answer Stats

HintAnswer% Correct
$20,644,400LeBron James
99%
$23,500,000Kobe Bryant
85%
$18,995,624Kevin Durant
79%
$22,458,401Carmelo Antony
59%
$20,068,563Chris Paul
55%
$20,644,400Chris Bosh
53%
$21,436,271Dwight Howard
49%
$18,862,876Derrick Rose
45%
$17,674,613Blake Griffin
43%
$15,937,290Paul George
28%
$23,180,790Joe Johnson
27%
$16,006,000LaMarcus Aldridge
23%
$19,754,465Deron Williams
22%
$16,500,000Zach Randolph
10%
$19,317,326Rudy Gay
8%

Score Distribution

Percentile by Number Answered

Percent of People with Each Score

Your Score History

You have not taken this quiz